[Event "SBDU BEM 09/10"]
[Site "Wohndorf Laar"]
[Date "2009.11.20"]
[Round "6.1"]
[White "Kleff, Andre"]
[Black "Heinert, Eugen"]
[Result "1-0"]
[WhiteElo "2094"]
[BlackElo "2006"]
[PlyCount "101"]
[EventDate "2009.??.??"]
[WhiteTeam "PSV Duisburg"]
[BlackTeam "OSC Rheinhausen"]

1. g3 g6 2. Bg2 Bg7 3. c4 c5 4. Nc3 Nc6 5. a3 a6 6. Rb1 Rb8 7. Nf3 e6 8. O-O
Nge7 9. b4 cxb4 10. axb4 b5 11. cxb5 axb5 12. d4 Nf5 13. e3 d5 14. Ne1 h5 15.
h3 O-O 16. Nd3 Nd6 17. Nc5 Nc4 18. Ne2 Ne7 19. Nf4 Nf5 20. Ra1 Qb6 21. Qd3 Rd8
22. Ra2 Bb7 23. h4 Ra8 24. Rxa8 Bxa8 25. Bh3 Bb7 26. Qe2 Ra8 27. Ncxe6 fxe6 28.
Nxg6 Qc7 29. Qxh5 Qf7 30. Bxf5 exf5 31. Qg5 Qf6 32. Qh5 Qf7 33. Qg5 Kh7 34. h5
Bh6 35. Qh4 Ra4 36. Qd8 Bg7 37. Qg5 Bh6 38. Qd8 Bg7 39. Qg5 Qf6 40. Qf4 Bc8 41.
Qc7 Ra8 42. Nf4 Kg8 43. Qc5 Qd6 44. Qxb5 Nb6 45. Qc5 Bf8 46. Bd2 Ra2 47. Rd1
Bd7 48. Be1 Qb8 49. Qc3 Na4 50. Qb3 Rb2 51. Qxd5+ 1-0

[Event "SBDU BEM 09/10"]
[Site "Wohndorf Laar"]
[Date "2009.11.20"]
[Round "6.2"]
[White "Hamm, Siegfried"]
[Black "Leers-Fischer, Hans"]
[Result "0-1"]
[WhiteElo "1658"]
[BlackElo "1941"]
[PlyCount "86"]
[EventDate "2009.??.??"]
[WhiteTeam "OSC Rheinhausen"]
[BlackTeam "SG Meiderich/Ruhrort"]

1. e4 d6 2. d4 Nf6 3. Bd3 g6 4. f4 Bg7 5. Nf3 O-O 6. O-O c5 7. c3 Nc6 8. d5 Na5
9. Nbd2 c4 10. Bc2 e6 11. e5 dxe5 12. fxe5 Ng4 13. dxe6 Ne3 14. Qe2 Nxf1 15.
Qxf1 fxe6 16. Nxc4 Nxc4 17. Qxc4 Qb6+ 18. Kh1 Qf2 19. Be4 Rb8 20. Bg5 b5 21.
Qd3 Bb7 22. Be3 Bxe4 23. Qxe4 Qxb2 24. Rb1 Qxa2 25. h4 Rf5 26. Rd1 Qc4 27. Bd4
Rbf8 28. Ra1 R5f7 29. h5 Rf4 30. Qb7 R4f7 31. Qe4 Rf5 32. hxg6 hxg6 33. Rxa7
Qf1+ 34. Kh2 Rh5+ 35. Kg3 Rhf5 36. Rxg7+ Kxg7 37. Bf2 Qc4 38. Qe3 Rf4 39. Kh2
Qf1 40. Bg1 Rxf3 41. gxf3 Rxf3 42. Bf2 Rxf2+ 43. Qxf2 Qxf2+ 0-1

[Event "SBDU BEM 09/10"]
[Site "Wohndorf Laar"]
[Date "2009.11.20"]
[Round "6.3"]
[White "Visser, Dirk"]
[Black "Plückelmann, Thomas"]
[Result "1/2-1/2"]
[WhiteElo "2006"]
[BlackElo "1699"]
[PlyCount "46"]
[EventDate "2009.??.??"]
[WhiteTeam "SG Meiderich/Ruhrort"]
[BlackTeam "SG Duisburg-Nord"]

1. c4 Nf6 2. Nf3 e6 3. d4 d5 4. Nc3 b6 5. g3 Bb7 6. Bg2 Be7 7. Ne5 O-O 8. Qa4
c5 9. dxc5 bxc5 10. O-O Qb6 11. cxd5 Nxd5 12. Ne4 Qb4 13. Qc2 Na6 14. Nc4 Rfd8
15. a3 Qb5 16. Bd2 Rd7 17. a4 Nab4 18. Qb3 Qa6 19. Rfd1 Rad8 20. Ne5 Rc7 21.
Nc4 Rcd7 22. Ne5 Rc7 23. Nc4 Rcd7 1/2-1/2

[Event "SBDU BEM 09/10"]
[Site "Wohndorf Laar"]
[Date "2009.11.19"]
[Round "6.4"]
[White "Meinert, Thomas"]
[Black "Waschkewitz, Stefan"]
[Result "1/2-1/2"]
[WhiteElo "1816"]
[BlackElo "1688"]
[PlyCount "104"]
[EventDate "2009.??.??"]
[WhiteTeam "SG Meiderich/Ruhrort"]
[BlackTeam "SG Duisburg-Nord"]

1. Nf3 Nf6 2. c4 g6 3. Nc3 Bg7 4. g3 O-O 5. Bg2 d6 6. O-O c6 7. d4 Nbd7 8. Bg5
Nb6 9. b3 d5 10. cxd5 Nbxd5 11. Nxd5 cxd5 12. Bf4 Ne4 13. Rc1 Qb6 14. h3 Bd7
15. Ne5 Bf5 16. g4 Be6 17. Qd3 f6 18. Nf3 Rac8 19. Be3 Qd6 20. Rxc8 Bxc8 21.
Nd2 f5 22. f3 Nxd2 {(=)} 23. Qxd2 fxg4 24. hxg4 h5 25. gxh5 gxh5 26. Kf2 Bf6
27. Rh1 h4 28. f4 Kf7 29. Kf1 Rh8 30. Bf2 h3 31. Bf3 Bh4 32. e3 Bd7 33. Bxh4
Rxh4 34. Qf2 Rh8 35. Be2 Qg6 36. Qf3 h2 37. Kf2 Bf5 38. Qg3 Qxg3+ 39. Kxg3 Rg8+
40. Kf2 Rh8 41. Bf3 e6 42. Kg3 Rg8+ 43. Kxh2 b5 44. Rc1 Kf6 45. Rc7 Rg7 46. Rc5
{Ob die nun folgenden Züge korrekt sind, ist ungewiss; es liegt nur eine
Notation vor.} Bb1 47. a3 Ba2 48. Bd1 a6 49. Rc1 Kf5 50. Bc2+ Kf6 51. Ra1 Bxb3
52. Bxb3 Rc7 1/2-1/2

[Event "SBDU BEM 09/10"]
[Site "Wohndorf Laar"]
[Date "2009.11.20"]
[Round "6.5"]
[White "Junker, Bernd"]
[Black "Sauer, Andreas"]
[Result "0-1"]
[WhiteElo "1643"]
[BlackElo "1886"]
[PlyCount "72"]
[EventDate "2009.??.??"]
[WhiteTeam "SG Meiderich/Ruhrort"]
[BlackTeam "SG Meiderich/Ruhrort"]

1. d4 d5 2. Nf3 Nf6 3. Bf4 c5 4. e3 Nc6 5. h3 Qb6 6. b3 Bf5 7. Nh4 Be4 8. f3
Bg6 9. Nxg6 hxg6 10. c3 e6 11. Be2 Nh5 12. Bh2 Be7 13. O-O Bh4 14. f4 Ng3 15.
Bxg3 Bxg3 16. Nd2 Rc8 17. Rc1 Bh4 18. Nf3 Be7 19. Qd3 O-O 20. Qb5 Qxb5 21. Bxb5
cxd4 22. Nxd4 Nxd4 23. cxd4 Ba3 24. Rxc8 Rxc8 25. Rf2 $6 (25. Bd3 $1 Rc3 26.
Rd1 $11) 25... Kf8 26. Re2 Rc3 27. Re1 Rc2 28. Re2 Rc3 29. Re1 Ke7 30. Bf1 Kd6
31. Kf2 Kc6 32. Re2 Kb6 33. Rd2 Ka5 34. Bd3 Kb4 35. Ke2 a6 36. Bc2 $4 Bc1 0-1

[Event "SBDU BEM 09/10"]
[Site "Wohndorf Laar"]
[Date "2009.11.20"]
[Round "6.6"]
[White "Scharrenbroich, Torsten"]
[Black "Hoppe, Norbert"]
[Result "0-1"]
[WhiteElo "1447"]
[BlackElo "1585"]
[PlyCount "58"]
[EventDate "2009.??.??"]
[WhiteTeam "SG Meiderich/Ruhrort"]
[BlackTeam "SG Meiderich/Ruhrort"]

1. e4 c5 2. Nf3 Nc6 3. d4 cxd4 4. Nxd4 Nf6 5. Nc3 g6 6. Be2 Bg7 7. Be3 O-O 8.
O-O a6 9. a3 Nxd4 10. Bxd4 b5 11. b4 Bb7 12. f3 Rc8 13. e5 Nd5 14. Nxd5 Bxd5
15. Rc1 Bc4 16. Bxc4 Rxc4 17. c3 Qc7 18. f4 Rc8 19. Qd2 d6 20. Rfe1 dxe5 21.
fxe5 e6 22. g4 Rd8 23. Qf2 Rd5 24. Qg3 Rdxd4 25. cxd4 Rxc1 26. Qe3 Rxe1+ 27.
Qxe1 Bh6 28. h4 Qc1 29. Qxc1 Bxc1 0-1

[Event "SBDU BEM 09/10"]
[Site "Wohndorf Laar"]
[Date "2009.11.20"]
[Round "6.7"]
[White "Zielinski, Werner"]
[Black "Germann, Norbert"]
[Result "1-0"]
[WhiteElo "1922"]
[BlackElo "1847"]
[PlyCount "115"]
[EventDate "2009.??.??"]
[WhiteTeam "SG Meiderich/Ruhrort"]
[BlackTeam "SF Brett vorm Kopp DU"]

1. d4 Nf6 2. c4 g6 3. Nc3 d5 4. cxd5 Nxd5 5. Na4 Nf6 6. Nf3 Bg7 7. g3 O-O 8.
Bg2 Nc6 9. Nc5 Nd7 10. Nb3 Nb6 11. O-O e5 12. dxe5 Nxe5 13. Qc2 c6 14. Nxe5
Bxe5 15. Bh6 Re8 16. Nc5 Qe7 17. Rad1 Be6 18. b3 Rad8 19. Qc1 Bg4 20. f3 Bc8
21. Ne4 f6 22. Be3 Bf5 23. Bc5 Qc7 24. Nf2 Nd7 25. Ba3 Nf8 26. e4 Be6 27. f4
Bd4 28. Rxd4 Rxd4 29. Bb2 Red8 30. Bxd4 Rxd4 31. Qc5 Qb6 32. Qe7 Rd2 33. Qxf6
Rxa2 34. f5 Bxb3 35. fxg6 hxg6 36. Kh1 Bc4 37. Ng4 Bxf1 38. Bxf1 Qb2 39. Bc4+
Kh7 40. Qf7+ Qg7 41. Bxa2 Qxf7 42. Bxf7 a5 43. Ne5 Kg7 44. Bb3 Kf6 45. Nc4 a4
46. e5+ Kf5 47. Bxa4 b5 48. Bc2+ Ke6 49. Na5 c5 50. Nc6 Kd5 51. Na7 b4 52. e6
Nxe6 53. Bxg6 Nd4 54. h4 Ke5 55. Bd3 Nf5 56. Nc6+ Kf6 57. Kg2 c4 58. Bxf5 1-0

[Event "SBDU BEM 09/10"]
[Site "Wohndorf Laar"]
[Date "2009.11.20"]
[Round "6.8"]
[White "Hampel, Ernst"]
[Black "Duda, Karl-Heinz"]
[Result "0-1"]
[WhiteElo "1597"]
[BlackElo "1548"]
[PlyCount "126"]
[EventDate "2009.??.??"]
[WhiteTeam "SG Duisburg-Nord"]
[BlackTeam "SG Meiderich/Ruhrort"]

1. d4 d5 2. c4 e6 3. cxd5 exd5 4. Nc3 Nf6 5. Nf3 Be7 6. Bg5 h6 7. Bh4 O-O 8. e3
Bf5 9. Qb3 Nbd7 10. Be2 Nb6 11. Ne5 c6 12. O-O Nfd7 13. Bxe7 Qxe7 14. Nd3 Rab8
15. Nf4 Rfe8 16. Bd3 Bxd3 17. Nxd3 Nc4 18. Rad1 Nf6 19. h3 g5 20. Ne1 Kg7 21.
Qc2 Qe6 22. b3 Nd6 23. Ne2 Re7 24. Ng3 Nde4 25. Nxe4 Qxe4 26. g3 Rbe8 27. Qxe4
Nxe4 28. Nf3 f6 29. Kg2 Nc3 30. Rd2 Nb5 31. h4 Re4 32. hxg5 hxg5 33. Rh1 Rh8
34. Rxh8 Kxh8 35. a4 Nd6 36. Rc2 Kg7 37. a5 a6 38. Ne1 Nf5 39. Kf3 Nxd4+ 40.
exd4 Rxe1 41. Kg4 Re4+ 42. f4 Rxd4 43. Re2 Kg6 44. Re7 f5+ 45. Kh3 g4+ 46. Kh4
Rb4 47. Rd7 Rxb3 48. Rd6+ Kf7 49. Kg5 Ke7 50. Rh6 d4 51. Kxf5 d3 52. Re6+ Kd7
53. Re3 Rb5+ 54. Kxg4 d2 55. Rd3+ Rd5 56. Rxd2 Rxd2 57. Kg5 Ke7 58. g4 Kf7 59.
Kh6 Kf6 60. g5+ Kf5 61. Kh7 Rg2 62. Kh6 c5 63. Kh5 Rh2# 0-1

[Event "SBDU BEM 09/10"]
[Site "Wohndorf Laar"]
[Date "2009.11.20"]
[Round "6.9"]
[White "Hufnagel, Markus"]
[Black "Naber, Armin"]
[Result "1-0"]
[WhiteElo "1458"]
[BlackElo "1572"]
[PlyCount "73"]
[EventDate "2009.??.??"]
[WhiteTeam "SG Duisburg-Nord"]
[BlackTeam "SF Brett vorm Kopp DU"]

1. c4 f5 2. Nc3 Nf6 3. Nf3 e6 4. g3 b6 5. Bg2 Bb7 6. O-O Bb4 7. d4 Bxc3 8. bxc3
O-O 9. Bf4 Na6 10. Qb3 c5 11. Rad1 Qe7 12. Ne5 Bxg2 13. Kxg2 d5 14. Bg5 Qb7 15.
Kg1 cxd4 16. cxd4 Ne4 17. Bd2 Rac8 18. c5 Rc7 19. c6 Qc8 20. Bf4 g5 21. Bc1 Nb8
22. Ba3 Rd8 23. Qa4 Nc3 24. Qc2 Nxd1 25. Rxd1 Qa6 26. Qc1 h6 27. h4 gxh4 28.
Qxh6 Qxa3 29. Qg5+ Rg7 30. Qxd8+ Qf8 31. c7 Rxc7 32. Qxc7 hxg3 33. fxg3 Na6 34.
Qd7 Nc5 35. dxc5 Qxc5+ 36. Kg2 Qe3 37. Qf7+ 1-0

[Event "SBDU BEM 09/10"]
[Site "Wohndorf Laar"]
[Date "2009.12.04"]
[Round "7.1"]
[White "Plückelmann, Thomas"]
[Black "Kleff, Andre"]
[Result "0-1"]
[WhiteElo "1699"]
[BlackElo "2094"]
[PlyCount "114"]
[EventDate "2009.??.??"]
[WhiteTeam "SG Duisburg-Nord"]
[BlackTeam "PSV Duisburg"]

1. d4 g6 2. e4 Bg7 3. Be3 c6 4. Nc3 d5 5. exd5 cxd5 6. Qd2 Nc6 7. Nf3 h5 8. h3
Nh6 9. b3 a6 10. Na4 Nf5 11. c3 Nd6 12. Bd3 Bf5 13. Bxf5 Nxf5 14. O-O e6 15.
Rac1 Nxe3 16. fxe3 O-O 17. c4 dxc4 18. Rxc4 Ne7 19. Rc2 {(=)} Bh6 20. Nc5 Nf5
21. Re1 Qe7 22. Qd3 Rfc8 23. e4 Nd6 24. d5 e5 25. Qe2 Rc7 26. Nd3 Rxc2 27. Qxc2
Rc8 28. Qb2 f6 29. Nh4 Kh7 30. Kh1 Bg7 31. Nf3 Bh6 32. Re2 a5 33. Re1 b6 34.
Re2 b5 35. a3 Qc7 36. Nfxe5 fxe5 37. Qxe5 Re8 38. Qg3 Qe7 39. e5 Nf5 40. Qf2 h4
41. Kg1 Qxa3 42. d6 Nxd6 43. exd6 Rxe2 44. Qxe2 Qxd6 45. Qf3 Qd4+ 46. Kh2 b4
47. Qf7+ Bg7 48. Nf4 Qd6 49. Kh1 Kh6 50. Ne6 Qd1+ 51. Kh2 Be5+ 52. Nf4 Qd6 53.
g3 hxg3+ 54. Kxg3 Bxf4+ 55. Qxf4+ Qxf4+ 56. Kxf4 a4 57. bxa4 b3 0-1

[Event "SBDU BEM 09/10"]
[Site "Wohndorf Laar"]
[Date "2009.12.04"]
[Round "7.2"]
[White "Heinert, Eugen"]
[Black "Zielinski, Werner"]
[Result "1-0"]
[WhiteElo "2006"]
[BlackElo "1922"]
[PlyCount "41"]
[EventDate "2009.??.??"]
[WhiteTeam "OSC Rheinhausen"]
[BlackTeam "SG Meiderich/Ruhrort"]

1. d4 Nf6 2. c4 e6 3. g3 c5 4. Nf3 cxd4 5. Nxd4 Qc7 6. Qd3 e5 7. Nb5 Qc6 8. e4
Nxe4 9. Bg2 Nc5 10. Qd5 Qxd5 11. Bxd5 Nba6 12. O-O Be7 13. f4 exf4 14. Bxf4 O-O
15. N1c3 Nd3 16. Bd6 Bxd6 17. Nxd6 g6 18. Nxf7 Nc7 19. Nd6+ Nxd5 20. Rxf8+ Kxf8
21. Nxd5 1-0

[Event "SBDU BEM 09/10"]
[Site "Wohndorf Laar"]
[Date "2009.12.04"]
[Round "7.3"]
[White "Leers-Fischer, Hans"]
[Black "Visser, Dirk"]
[Result "0-1"]
[WhiteElo "1941"]
[BlackElo "2006"]
[PlyCount "46"]
[EventDate "2009.??.??"]
[WhiteTeam "SG Meiderich/Ruhrort"]
[BlackTeam "SG Meiderich/Ruhrort"]

1. e4 d6 2. d4 Nf6 3. Nc3 g6 4. f4 Bg7 5. Nf3 O-O 6. e5 dxe5 7. dxe5 Qxd1+ 8.
Kxd1 Nh5 9. Bc4 Bg4 10. Ke2 Nc6 11. Be3 Na5 12. Bd3 f6 13. exf6 Bxf6 14. g3 e5
15. Ne4 exf4 16. gxf4 Bxb2 17. Rab1 Nxf4+ 18. Bxf4 Rxf4 19. Ned2 Bd4 20. Rhf1
Re8+ 21. Kd1 Bc3 22. Be2 b6 23. Rf2 Re3 0-1

[Event "SBDU BEM 09/10"]
[Site "Wohndorf Laar"]
[Date "2009.12.04"]
[Round "7.5"]
[White "Hoppe, Norbert"]
[Black "Meinert, Thomas"]
[Result "0-1"]
[WhiteElo "1585"]
[BlackElo "1816"]
[PlyCount "114"]
[EventDate "2009.??.??"]
[WhiteTeam "SG Meiderich/Ruhrort"]
[BlackTeam "SG Meiderich/Ruhrort"]

1. e4 g6 2. d4 Bg7 3. Nf3 d6 4. Bc4 c5 5. Nc3 cxd4 6. Nxd4 Nc6 7. Be3 Nf6 8. f3
O-O 9. Qd2 Bd7 10. g4 a6 11. h4 b5 12. Bd5 Nxd4 13. Bxd4 b4 14. Ne2 Nxd5 15.
Bxg7 Kxg7 16. exd5 f6 17. Nd4 Qa5 18. Kf2 Qb6 19. Qe3 Kf7 20. Rhe1 Rae8 21.
Rad1 Kg8 22. Kg2 Rf7 23. Rd2 a5 24. Qh6 Rg7 25. Ne6 Bxe6 26. Rxe6 Qb7 27. Qe3
Rc8 28. Qe4 Kf8 29. Re2 Qd7 30. Qd4 Rf7 31. c3 Qb7 32. R6e4 Rc5 33. Rd2 bxc3
34. bxc3 Qc7 35. c4 Kg7 36. Rde2 Kf8 37. Qc3 Rxd5 38. Qb3 Rc5 39. Rb2 Kg7 40.
Qb8 Qxb8 41. Rxb8 e5 42. Rd8 Rc6 43. Ra8 f5 44. gxf5 gxf5 45. Re3 Rxc4 46. Rxa5
Rxh4 47. a4 Kf6 48. Ra3 Rg7+ 49. Kf2 Rh2+ 50. Ke3 f4+ 51. Kd3 Rg3 52. Kc4 Rc2+
53. Kb5 Rc5+ 54. Kb6 Rxa5 55. Kxa5 e4 56. Kb6 Rxf3 57. Rxf3 exf3 0-1

[Event "SBDU BEM 09/10"]
[Site "Wohndorf Laar"]
[Date "2009.12.04"]
[Round "7.7"]
[White "Duda, Karl-Heinz"]
[Black "Junker, Bernd"]
[Result "0-1"]
[WhiteElo "1548"]
[BlackElo "1643"]
[PlyCount "144"]
[EventDate "2009.??.??"]
[WhiteTeam "SG Meiderich/Ruhrort"]
[BlackTeam "SG Meiderich/Ruhrort"]

1. c4 e6 2. Nc3 d5 3. cxd5 exd5 4. d4 Nf6 5. e3 Be7 6. Nf3 O-O 7. h3 c6 8. Bd3
Nbd7 9. Qc2 Re8 10. O-O Nf8 11. Re1 Bd6 12. e4 dxe4 13. Nxe4 Nxe4 14. Bxe4 Be6
15. Bd2 Qc7 16. Bc3 Be7 17. Rad1 Rad8 18. b3 Qc8 19. Qb2 Bf6 20. Ne5 Nd7 21. f4
Nb6 22. Qc2 g6 23. Ba5 Bd5 24. Bd3 Be6 25. Bc4 Rd6 26. Bb4 Nxc4 27. bxc4 Rdd8
28. Qe2 Bg7 29. Qc2 Bf5 30. Qb3 Bh6 31. Bc3 Bxf4 32. g4 Be6 33. d5 cxd5 34.
cxd5 Qc5+ 35. Bd4 Qxd5 36. Qxd5 Bxd5 37. Nd3 Bb8 38. Bf6 Rxe1+ 39. Nxe1 Rd7 40.
Nc2 Be6 41. Nd4 Bf4 42. Rd3 h6 43. Nxe6 Rxd3 44. Nxf4 Rf3 45. Nd5 Rxh3 46. Kg2
Ra3 47. Nc3 Ra6 48. Bd4 b6 49. a4 Ra5 50. Kf3 h5 51. gxh5 Rxh5 52. Nb5 a6 53.
Nc7 b5 54. axb5 axb5 55. Ke4 b4 56. Kd3 Rh3+ 57. Kc4 b3 58. Nd5 Rh4 59. Nc3 f5
60. Kd3 Kf7 61. Ne2 Ke6 62. Bc3 Kd5 63. Bb2 f4 64. Nc3+ Ke6 65. Kc4 Rh2 66.
Kxb3 Rxb2+ 67. Kxb2 f3 68. Ne4 Kf5 69. Nf2 Kf4 70. Kc2 Ke3 71. Nh3 f2 72. Nxf2
Kxf2 0-1

[Event "SBDU BEM 09/10"]
[Site "Wohndorf Laar"]
[Date "2009.12.04"]
[Round "7.9"]
[White "Naber, Armin"]
[Black "Stermann, Sebastian"]
[Result "0-1"]
[WhiteElo "1572"]
[BlackElo "1436"]
[PlyCount "34"]
[EventDate "2009.??.??"]
[WhiteTeam "SF Brett vorm Kopp DU"]
[BlackTeam "SG Duisburg-Nord"]

1. f4 g6 2. Nf3 Bg7 3. e3 Nf6 4. Be2 d6 5. O-O O-O 6. d3 Nc6 7. Nc3 e5 8. e4
Ne8 9. fxe5 Nxe5 10. Bg5 Nxf3+ 11. Bxf3 Qxg5 12. Qe1 Nf6 13. a4 Bd7 14. Qf2 a6
15. e5 Ng4 16. Qg3 Bxe5 17. h4 Qe3+ 0-1

[Event "SBDU BEM 09/10"]
[Site "Wohndorf Laar"]
[Date "2009.12.04"]
[Round "7.10"]
[White "Germann, Norbert"]
[Black "Hampel, Ernst"]
[Result "1-0"]
[WhiteElo "1847"]
[BlackElo "1597"]
[PlyCount "111"]
[EventDate "2009.??.??"]
[WhiteTeam "SF Brett vorm Kopp DU"]
[BlackTeam "SG Duisburg-Nord"]

1. d4 Nf6 2. c4 c5 3. d5 e6 4. Nc3 exd5 5. cxd5 d6 6. e4 g6 7. h3 Bg7 8. Nf3
O-O 9. Bd3 Re8 10. O-O a6 11. a4 Nbd7 12. Bf4 Qe7 13. Re1 Nh5 14. Bh2 Ne5 15.
Nxe5 Bxe5 16. Bf1 Nf4 17. Bxf4 Bxf4 18. g3 Be5 19. Qd2 Qf6 20. f4 Bd4+ 21. Kh2
Bd7 22. a5 Re7 23. Bd3 Qg7 24. Rab1 Rae8 25. Qc2 Qh6 26. Qg2 g5 27. Re2 Kh8 28.
Rf1 Rg8 29. f5 Be5 30. Nd1 g4 31. Re3 f6 32. Be2 Reg7 33. h4 Qxh4+ 34. Kg1 Bd4
35. gxh4 Bb5 36. Bxb5 axb5 37. Kh1 Bxe3 38. Nxe3 c4 39. Nc2 Rc8 40. Qd2 g3 41.
Rg1 Rg4 42. Qh6 Kg8 43. Qxf6 Re8 44. Qxd6 Rexe4 45. Rxg3 b4 46. Rxg4+ Rxg4 47.
Qf6 b3 48. Nd4 c3 49. Ne6 h5 50. Qxc3 Rxh4+ 51. Kg2 Rg4+ 52. Kh3 Rg1 53. Qf3
Rb1 54. Qg3+ Kf7 55. Qg7+ Ke8 56. Qf8+ 1-0